Appel du 18 juin - Statistiques

Statistiques générales
  • Ce quiz a été pris 17 fois
  • Le résultat moyen est 104 sur 361
Statistiques - réponses
Mots % Correct
à
93%
a
93%
l'
93%
L'
93%
français
79%
le
79%
Le
79%
de
71%
la
71%
France.
71%
France
71%
la
71%
71%
La
71%
là.
71%
n'
71%
les
64%
Les
64%
les
64%
française
57%
Londres,
50%
Londres.
50%
par
50%
des
43%
en
43%
est
43%
et
43%
général
43%
43%
ou
43%
au
36%
Ce
36%
ce
36%
du
36%
force
36%
gouvernement.
36%
gouvernement,
36%
guerre
36%
Mais
36%
moi,
36%
moi
36%
Moi,
36%
moi.
36%
pas
36%
pour
36%
qui,
36%
qui
36%
se
36%
armes
29%
armes,
29%
combat.
29%
ennemi
29%
ennemi.
29%
françaises,
29%
Gaulle,
29%
il
29%
ils
29%
je
29%
mer
29%
ne
29%
nos
29%
nous
29%
que
29%
sont
29%
un
29%
vous
29%
Allemands
21%
avec
21%
bataille
21%
Cette
21%
dans
21%
défaite
21%
elle
21%
Elle
21%
elle.
21%
ont
21%
perdu
21%
résistance
21%
territoire
21%
tous
21%
une
21%
vaincus
21%
armées
14%
Car
14%
comme
14%
continue
14%
Demain,
14%
destin
14%
armées,
14%
Empire
14%
ennemis.
14%
États-Unis
14%
leur
14%
leurs
14%
lutte
14%
mécanique,
14%
mécanique
14%
n'est
14%
notre
14%
parle
14%
pays.
14%
radio
14%
sans
14%
soldats
14%
Toutes
14%
toutes
14%
y
14%
actuellement
7%
aérienne
7%
année,
7%
aujourd'hui.
7%
aujourd'hui
7%
avons
7%
britannique
7%
cesser
7%
chefs
7%
derrière
7%
chefs
7%
été,
7%
formé
7%
ingénieurs
7%
j'invite
7%
jour
7%
monde
7%
mondiale.
7%
moyens
7%
Non !
7%
peut
7%
peut,
7%
qu'il
7%
Quoi
7%
seule !
7%
sommes
7%
supérieure.
7%
vaincre
7%
vaste
7%
victoire.
7%
alléguant
0%
amener
0%
arrive
0%
avenir
0%
avions,
0%
bloc
0%
cause
0%
Certes,
0%
chars,
0%
connaissance
0%
Croyez
0%
d'armement
0%
définitive ?
0%
depuis
0%
dernier
0%
dis
0%
disparaitre?
0%
dit ?
0%
doit
0%
écraser
0%
empêchent
0%
en territoire
0%
espérance
0%
faire
0%
fautes,
0%
Flamme
0%
font
0%
Foudroyés
0%
immense
0%
industrie
0%
industries
0%
Infiniment
0%
l’Angleterre,
0%
l'Empire
0%
limitée
0%
limites
0%
malheureux
0%
mêmes
0%
mettre
0%
mot
0%
nombre,
0%
nombreuses
0%
officiers
0%
ouvriers
0%
parlerai
0%
peuvent
0%
plus
0%
point
0%
pourrons
0%
rapport
0%
reculer.
0%
retards,
0%
rien
0%
s'éteindre
0%
s'étendra
0%
souffrances
0%
spécialisés
0%
submergés
0%
surpris
0%
s'y
0%
tactique
0%
terrestre,
0%
tête
0%
tient
0%
tranchée
0%
trouvent
0%
trouver,
0%
univers,
0%
utiliser
0%
venir
0%
viendraient
0%
viendrait
0%
Aucun quiz correspondant
Distribution des résultats
% des personnes avec chaque résultat
Percentile par nombre de réponses
Votre historique - résultats
Vous n’avez pas pris ce quiz